[Event "5th Open"]
[Site "Sort ESP"]
[Date "2009.06.29"]
[Round "6"]
[White "Anuprita,P"]
[Black "Edo Teys,E"]
[Result "1/2-1/2"]
[WhiteElo "2065"]
[BlackElo "1894"]
[EventDate "2009.06.24"]

1. e4 c5 2. Nc3 g6 3. f4 Nc6 4. Nf3 e6 5. Bb5 Nge7 6. e5 a6 7. Ne4 Nd5 8.
c4 f5 9. cxd5 fxe4 10. dxc6 exf3 11. cxd7+ Bxd7 12. Bxd7+ Qxd7 13. Qxf3 c4
14. O-O Bc5+ 15. Kh1 Rd8 16. b3 cxb3 17. Qxb3 Rg8 18. Rb1 b5 19. Ba3 Bxa3
20. Qxa3 Qb7 21. Qh3 Qd7 22. Rbc1 Kf7 23. Qxh7+ Rg7 24. Qh4 Rf8 25. d4 Kg8
26. Qg4 Rf5 27. Qf3 g5 28. Qc6 Qf7 29. Qe4 Qg6 30. Rc8+ Kh7 31. Qa8 Rg8 32.
Rxg8 Qxg8 33. Qxg8+ Kxg8 34. g4 Rxf4 35. Rd1 Rxg4 36. h3 Re4 37. Rd2 Kf7
38. Kg2 a5 39. Kf3 Rf4+ 40. Ke3 Rh4 41. Rf2+ Ke7 42. Rf3 g4 43. hxg4 Rxg4
44. Kd3 Rg2 45. a3 Ra2 46. Ke4 Rc2 47. Rh3 Re2+ 48. Kd3 Rg2 49. Rh7+ Kd8
50. Rb7 Rg3+ 51. Ke4 Rxa3 52. Rxb5 a4 53. Rb6 Kd7 54. d5 exd5+ 55. Kxd5
Rd3+ 56. Kc4 Re3 57. Kd4 Re1 58. Ra6 Ra1 59. e6+ Ke7 60. Kc4 Re1 61. Kd5
Rd1+ 62. Kc4 Re1 63. Rxa4 Re4+ 64. Kb5 Rxa4 65. Kxa4 Kxe6 1/2-1/2

[Event "5th Open"]
[Site "Sort ESP"]
[Date "2009.06.29"]
[Round "6"]
[White "Roy,Pa"]
[Black "Shristi,J"]
[Result "0-1"]
[WhiteElo "2061"]
[BlackElo "1949"]
[EventDate "2009.06.24"]

1. e4 c5 2. Nf3 Nc6 3. d4 cxd4 4. Nxd4 Nf6 5. Nc3 e5 6. Ndb5 d6 7. Bg5 a6
8. Na3 b5 9. Bxf6 gxf6 10. Nd5 f5 11. Bxb5 axb5 12. Nxb5 Ra4 13. b4 Rxb4
14. Nbc7+ Kd7 15. c4 Qh4 16. O-O Rb7 17. Nb5 Rg8 18. exf5 Kd8 19. Ne3 Nd4
20. a4 Bh6 21. Nxd6 Bxe3 22. fxe3 Rb2 23. Nxf7+ Ke7 0-1

[Event "5th Open"]
[Site "Sort ESP"]
[Date "2009.06.29"]
[Round "6"]
[White "Pujari,R"]
[Black "Mentink,T"]
[Result "1-0"]
[WhiteElo "2043"]
[BlackElo "1888"]
[EventDate "2009.06.24"]

1. e4 d5 2. exd5 Nf6 3. d4 Nxd5 4. c4 Nb4 5. a3 N4c6 6. Be3 Nd7 7. Nf3 e6
8. Nc3 Be7 9. Bd3 Bf6 10. O-O O-O 11. Ne4 Re8 12. Bc2 g6 13. Rc1 e5 14. d5
Nd4 15. Nxd4 exd4 16. Nxf6+ Nxf6 17. Qxd4 Ng4 18. Bf4 c5 19. Qxc5 Qf6 20.
Qd6 Qxb2 21. h3 Ne5 22. Ba4 Bxh3 23. Bxe8 Nf3+ 24. gxf3 Bxf1 25. Qe7 Qe2
26. Qxf7+ 1-0

[Event "5th Open"]
[Site "Sort ESP"]
[Date "2009.06.30"]
[Round "7"]
[White "Kohlweyer,B"]
[Black "Pogorelov,R"]
[Result "1/2-1/2"]
[WhiteElo "2435"]
[BlackElo "2420"]
[EventDate "2009.06.24"]

1. d4 Nf6 2. c4 e6 3. Nc3 Bb4 4. e3 O-O 5. Nge2 d5 6. cxd5 exd5 7. g3 Re8
8. Bg2 c6 9. O-O Bd6 10. Kh1 Na6 11. Qc2 Nb4 12. Qb1 g6 13. f3 c5 14. a3
Nc6 15. Qa2 cxd4 1/2-1/2

[Event "5th Open"]
[Site "Sort ESP"]
[Date "2009.06.30"]
[Round "7"]
[White "Teske,H"]
[Black "Udeshi,A"]
[Result "1-0"]
[WhiteElo "2523"]
[BlackElo "2281"]
[EventDate "2009.06.24"]

1. c4 e6 2. Nf3 d5 3. d4 c5 4. cxd5 exd5 5. Bg5 Be7 6. Bxe7 Nxe7 7. dxc5
Qa5+ 8. Nc3 Nbc6 9. e3 Qxc5 10. Be2 O-O 11. O-O Be6 12. Rc1 Rad8 13. Na4
Qd6 14. Nc5 Bc8 15. Qa4 Qf6 16. b4 Bg4 17. a3 b6 18. Nb3 Qb2 19. b5 Qxe2
20. bxc6 Bxf3 21. Nd4 Qd3 22. Nxf3 Nc8 23. Rfd1 Qf5 24. Nd4 Qg4 25. h3 Qe4
26. Qb4 f5 27. Ne2 Qe5 28. Qb3 Kh8 29. Nf4 Ne7 30. Qb5 Qd6 31. Qb4 Rf6 32.
c7 Rc8 33. Qa4 Rxc7 34. Rxc7 Qxc7 35. Nxd5 b5 36. Qxb5 Qd8 37. Rd4 Nxd5 38.
Rxd5 Qf8 39. Qa5 Rb6 40. Rxf5 Qb8 41. Qe5 Rd6 42. f4 h6 43. Kh2 Qd8 44. Qe4
Rf6 45. Rxf6 Qxf6 46. Qa8+ Kh7 47. Qxa7 h5 48. Qd4 Qg6 49. Qe5 h4 50. Qg5
1-0

[Event "5th Open"]
[Site "Sort ESP"]
[Date "2009.06.30"]
[Round "7"]
[White "Movsziszian,K"]
[Black "Barsov,A"]
[Result "0-1"]
[WhiteElo "2556"]
[BlackElo "2505"]
[EventDate "2009.06.24"]

1. e4 e6 2. d3 d5 3. Nd2 c5 4. g3 Nc6 5. Bg2 g6 6. Ne2 Bg7 7. O-O Nge7 8.
f4 O-O 9. c3 a5 10. a4 b6 11. e5 f6 12. exf6 Bxf6 13. Nf3 d4 14. cxd4 cxd4
15. Ne5 Bb7 16. Qb3 Nd5 17. Nxc6 Bxc6 18. g4 Qd7 19. Bd2 Rac8 20. Be4 Be7
21. Kg2 Bb4 22. Bc1 Nf6 23. Bxc6 Rxc6 24. h3 Rfc8 25. Qd1 Nd5 26. Kg3 Ne3
27. Bxe3 dxe3 28. Rf3 Bd2 29. Qb3 Rd8 30. d4 Qd5 31. Qd3 Qc4 32. Qxc4 Rxc4
33. f5 exf5 34. gxf5 Rd5 35. fxg6 Rg5+ 36. Kh4 Rxg6 37. Raf1 Rc8 38. Rg3
Kg7 39. Rf5 Be1 40. Re5 Rc2 41. Rexe3 Rxe2 42. Rxe2 Bxg3+ 43. Kh5 Bd6 44.
Rc2 Be7 45. Rc7 Kf7 46. Rb7 Rd6 0-1

[Event "5th Open"]
[Site "Sort ESP"]
[Date "2009.06.30"]
[Round "7"]
[White "Burmakin,V"]
[Black "Deshpande,Ani"]
[Result "1-0"]
[WhiteElo "2605"]
[BlackElo "2211"]
[EventDate "2009.06.24"]

1. Nf3 Nf6 2. g3 d5 3. Bg2 g6 4. b3 Bg7 5. Bb2 O-O 6. c4 c6 7. O-O Bf5 8.
d3 Re8 9. Nbd2 Na6 10. a3 b5 11. cxb5 cxb5 12. b4 Rc8 13. Nb3 Bd7 14. Qd2
Ng4 15. Bxg7 Kxg7 16. Qb2+ Nf6 17. Ne5 e6 18. Rfc1 Rc7 19. Qd4 h5 20. h3
Kg8 21. Rxc7 Qxc7 22. Rc1 Qb6 23. Qxb6 axb6 24. Nxd7 Nxd7 25. Nd4 Kf8 26.
Nxb5 Ke7 27. f4 Rd8 28. Kf2 f5 29. Rc2 h4 30. gxh4 Rh8 31. Kg3 Nf6 32. Rc6
Rb8 33. Nd4 1-0

[Event "5th Open"]
[Site "Sort ESP"]
[Date "2009.06.30"]
[Round "7"]
[White "Roeder,M"]
[Black "Girish,A"]
[Result "1-0"]
[WhiteElo "2426"]
[BlackElo "2270"]
[EventDate "2009.06.24"]

1. Nf3 Nf6 2. c4 g6 3. Nc3 d5 4. cxd5 Nxd5 5. e4 Nxc3 6. dxc3 Qxd1+ 7. Kxd1
Bg7 8. Bf4 c6 9. Kc2 Nd7 10. Nd2 O-O 11. a4 f5 12. Bc4+ Kh8 13. Be6 fxe4
14. Bg3 e3 15. fxe3 Nf6 16. Bxc8 Raxc8 17. Raf1 Ng4 18. Kd3 Bh6 19. Nc4 Kg8
20. Rxf8+ Rxf8 21. Ke2 b5 22. h3 Nf6 23. Nd2 Nd5 24. Bf2 bxa4 25. Ra1 Nb6
26. Bg3 Rf5 27. Bb8 Nd7 28. Bxa7 Ra5 29. Bd4 c5 30. b4 cxb4 31. cxb4 Ra8
32. Nc4 Kf7 33. Nb6 Nxb6 34. Bxb6 Bg7 35. Ra2 a3 36. Kd3 Ke8 37. Kc4 Kd7
38. Kb3 Kc6 39. Bc5 Bb2 40. Kc4 e5 41. b5+ Kd7 42. Kb3 Ra5 43. Bxa3 Bxa3
44. Rxa3 Rxb5+ 45. Kc4 Rb2 46. Kd5 Rb5+ 47. Ke4 Ke6 48. Ra6+ Ke7 49. g4 Kf7
50. Rd6 h5 51. g5 Rb4+ 52. Kxe5 Rh4 53. Rd7+ Ke8 54. Rh7 Rxh3 55. Kf6 Rxe3
56. Rh8+ Kd7 57. Kxg6 Re6+ 58. Kxh5 Ke7 59. Rh6 Re1 60. Rf6 Rh1+ 61. Kg6
Rg1 62. Rf3 Ke8 63. Kh6 Ke7 64. g6 Ke8 65. Kh7 Ke7 66. g7 Rg2 67. Rh3 Kf7
68. g8=Q+ Rxg8 69. Rf3+ 1-0

[Event "5th Open"]
[Site "Sort ESP"]
[Date "2009.06.30"]
[Round "7"]
[White "Priyadharshan,K"]
[Black "Debashis,D"]
[Result "1/2-1/2"]
[WhiteElo "2411"]
[BlackElo "2352"]
[EventDate "2009.06.24"]

1. e4 c5 2. Nf3 e6 3. d4 cxd4 4. Nxd4 a6 5. Nc3 d6 6. Be3 b5 7. a4 b4 8.
Na2 Nf6 9. Nxb4 Nxe4 10. Nd3 d5 11. f3 Nf6 12. f4 Bd6 13. Be2 O-O 14. O-O
Nbd7 15. a5 Bb7 16. c3 Qc7 17. Kh1 Rfe8 18. Nf3 Ne4 19. Qe1 Nf8 20. Nd2 Ng6
21. Bh5 Nf6 22. Bxg6 hxg6 23. Bd4 Ne4 1/2-1/2

[Event "5th Open"]
[Site "Sort ESP"]
[Date "2009.06.30"]
[Round "7"]
[White "Colovic,A"]
[Black "Kulkarni,R"]
[Result "1/2-1/2"]
[WhiteElo "2443"]
[BlackElo "2166"]
[EventDate "2009.06.24"]

1. d4 Nf6 2. c4 e6 3. Nc3 Bb4 4. e3 O-O 5. Nge2 d5 6. a3 Be7 7. cxd5 exd5
8. g3 c6 9. Bg2 Nbd7 10. O-O Re8 11. h3 Bd6 12. g4 Ne4 13. f3 Nxc3 14. bxc3
f5 15. gxf5 Nf6 16. Qd3 Qe7 17. c4 Nh5 18. cxd5 cxd5 19. Bd2 Qf7 20. e4 g6
21. Rac1 gxf5 22. e5 f4 23. Rxc8 Raxc8 24. exd6 Re6 25. Rc1 Rxc1+ 26. Bxc1
Rxd6 27. Qd2 Rc6 28. Nxf4 Rxc1+ 29. Qxc1 Nxf4 30. Qc8+ Kg7 31. Qg4+ Kh6 32.
Qh4+ Kg7 33. Qg4+ Kh6 34. Qh4+ 1/2-1/2

[Event "5th Open"]
[Site "Sort ESP"]
[Date "2009.06.30"]
[Round "7"]
[White "Deepthamsh,R"]
[Black "Meera,S"]
[Result "1/2-1/2"]
[WhiteElo "2110"]
[BlackElo "2155"]
[EventDate "2009.06.24"]

1. d4 Nf6 2. Nf3 g6 3. c4 Bg7 4. Nc3 d6 5. Bg5 h6 6. Bh4 g5 7. Bg3 Nh5 8.
e3 Nd7 9. Qc2 c6 10. Bd3 Nxg3 11. hxg3 a6 12. O-O O-O 13. Rfd1 b5 14. Rac1
Bb7 15. cxb5 axb5 16. a3 Qb6 17. d5 cxd5 18. Qb3 Nc5 19. Qxb5 Qa7 20. Bb1
Ba6 21. Qc6 Bb7 22. Qb5 Ba6 23. Qc6 Bb7 1/2-1/2

[Event "5th Open"]
[Site "Sort ESP"]
[Date "2009.06.30"]
[Round "7"]
[White "Shristi,J"]
[Black "Pham Guerrero,S"]
[Result "0-1"]
[WhiteElo "1949"]
[BlackElo "2212"]
[EventDate "2009.06.24"]

1. e4 c5 2. Nf3 d6 3. d4 cxd4 4. Nxd4 Nf6 5. Nc3 g6 6. Be3 Bg7 7. f3 O-O 8.
Qd2 Nc6 9. O-O-O Nxd4 10. Bxd4 Be6 11. Kb1 Qc7 12. Nb5 Qd7 13. g4 Rfc8 14.
g5 Nh5 15. Bxg7 Nxg7 16. f4 Rc5 17. Nd4 Rac8 18. Be2 d5 19. Nxe6 Rxc2 20.
Qe3 fxe6 21. Bd3 R2c5 22. h4 d4 23. Qh3 Qa4 24. h5 gxh5 25. f5 Ra5 26. a3
Qb3 27. Rc1 Rc3 28. Rxc3 dxc3 29. Qg2 Rxa3 30. Rh2 Qd1+ 0-1

[Event "5th Open"]
[Site "Sort ESP"]
[Date "2009.06.30"]
[Round "7"]
[White "Abhishek,K"]
[Black "Pujari,R"]
[Result "1-0"]
[WhiteElo "2178"]
[BlackElo "2043"]
[EventDate "2009.06.24"]

1. e4 d5 2. exd5 Qxd5 3. Nc3 Qa5 4. Bc4 Nf6 5. d3 c6 6. Bd2 Bf5 7. Qe2 Nbd7
8. h3 h6 9. Nb5 Qb6 10. Nd6+ Kd8 11. Nxf7+ Kc8 12. Nxh8 Qxb2 13. Rc1 b5 14.
Be6 Bh7 15. Nf3 Kb7 16. Nf7 Nc5 17. O-O g5 18. Bb3 1-0

[Event "5th Open"]
[Site "Sort ESP"]
[Date "2009.06.30"]
[Round "7"]
[White "Bharathi,R"]
[Black "Gagare,Shal"]
[Result "1/2-1/2"]
[WhiteElo "2081"]
[BlackElo "2117"]
[EventDate "2009.06.24"]

1. e4 c6 2. d4 d5 3. exd5 cxd5 4. c4 Nf6 5. Nc3 e6 6. Nf3 Be7 7. cxd5 Nxd5
8. Bd3 O-O 9. O-O Nc6 10. a3 Nf6 11. Bc2 b6 12. Qd3 Bb7 13. Bg5 g6 14. Rfe1
Rc8 15. h4 Qc7 16. Qd2 Na5 17. Bf4 Nc4 18. Qc1 Bd6 19. Bxd6 Qxd6 20. Be4
Nxe4 21. Nxe4 Bxe4 22. Rxe4 Ne5 23. Qf4 Nxf3+ 24. Qxf3 Qd5 25. Qd3 Rfd8 26.
Rd1 Rc7 27. Re5 Qc4 28. h5 Qxd3 29. Rxd3 Rcd7 30. hxg6 hxg6 31. Re4 Rd5 32.
f4 Kf8 33. Kf2 Rc8 34. Re2 Rc4 35. Ke3 Ke7 36. Red2 Kf6 37. Ke4 b5 38. Rc3
Rxc3 39. bxc3 a6 40. Ra2 Ke7 41. a4 Rd6 42. axb5 axb5 43. Ra7+ Kf6 44. Rb7
Rd5 45. Rb6 g5 46. g4 1/2-1/2

[Event "5th Open"]
[Site "Sort ESP"]
[Date "2009.06.30"]
[Round "7"]
[White "Edo Teys,E"]
[Black "Devangi,P"]
[Result "0-1"]
[WhiteElo "1894"]
[BlackElo "2078"]
[EventDate "2009.06.24"]

1. e4 e6 2. d3 d5 3. Nd2 Nf6 4. g3 c5 5. Bg2 Nc6 6. Ngf3 g6 7. O-O Bg7 8.
Re1 O-O 9. c3 Qb6 10. Nb3 c4 11. exd5 exd5 12. Be3 Qb5 13. a4 Qxb3 14. Qc1
cxd3 15. Qd2 Qc2 16. Rad1 Qxd2 17. Rxd2 Bg4 18. Bc5 Rfe8 19. Rxd3 Bxf3 20.
Rxe8+ Rxe8 0-1

[Event "5th Open"]
[Site "Sort ESP"]
[Date "2009.06.30"]
[Round "7"]
[White "Saranya,J"]
[Black "Anuprita,P"]
[Result "1-0"]
[WhiteElo "1981"]
[BlackElo "2065"]
[EventDate "2009.06.24"]

1. e4 c5 2. Nf3 e6 3. d4 cxd4 4. Nxd4 Nf6 5. Bd3 Nc6 6. Nb3 d5 7. exd5 Nxd5
8. O-O Nf6 9. Bf4 Be7 10. Nc3 O-O 11. Qe2 Nd4 12. Nxd4 Qxd4 13. Be5 Qg4 14.
f3 Qb4 15. a3 Qb6+ 16. Kh1 Bd7 17. f4 g6 18. Rf3 Ng4 19. Raf1 f6 20. Rh3
Nxe5 21. fxe5 f5 22. Bc4 Rac8 23. Bb3 Rcd8 24. Rff3 Bg5 25. Rd3 Bc8 26.
Rhg3 Bf4 27. Rgf3 Bg5 28. Qe1 Rxd3 29. Rxd3 Rd8 30. Rxd8+ Bxd8 31. a4 a6
32. Nd1 Qd4 33. c3 Qc5 34. Nf2 Qb6 35. Qd1 Bc7 36. Nd3 Qe3 37. Qf3 Qd2 38.
h3 Bxe5 39. h4 Bc7 40. g3 Kg7 41. Bc4 Qc2 42. Qe3 Qd1+ 43. Kg2 Qg4 44. Ne5
Qe4+ 45. Qxe4 fxe4 46. Ng4 Bd7 47. Bb3 Bc6 48. Kf2 h5 49. Ne3 Kf6 50. Nc2
Bd5 51. c4 Bc6 52. Nb4 Be5 53. Nxc6 bxc6 54. Bc2 e3+ 55. Kxe3 Bxg3 56. c5
Bxh4 57. Be4 Bg3 58. Bxc6 a5 59. Bf3 Ke5 60. Kd3 Bf2 61. Kc4 h4 62. Kb5 g5
63. c6 Kd6 64. Kxa5 e5 65. Ka6 g4 66. Kb7 Bb6 67. Bxg4 Bc7 68. Bf5 Ba5 69.
b4 Bd8 70. a5 h3 71. a6 h2 72. Be4 Bh4 73. c7 1-0

[Event "5th Open"]
[Site "Sort ESP"]
[Date "2009.06.30"]
[Round "7"]
[White "Aranzana Areste,A"]
[Black "Solsona Manonelles,J"]
[Result "1-0"]
[WhiteElo "2022"]
[BlackElo "1762"]
[EventDate "2009.06.24"]

1. e4 e6 2. d4 d5 3. e5 c5 4. c3 Nc6 5. Nf3 Qc7 6. Be2 Nge7 7. Na3 a6 8.
Nc2 cxd4 9. cxd4 Nf5 10. O-O Be7 11. Kh1 Bd7 12. Ne3 Nxe3 13. Bxe3 Rc8 14.
Rc1 Qb6 15. a3 O-O 16. b4 Na7 17. Qb3 Bb5 18. Bxb5 Qxb5 19. Bg5 Bxg5 20.
Nxg5 Nc6 21. Qb1 g6 22. Rfd1 Ne7 23. h4 Qe2 24. Kg1 Rc6 25. Rxc6 Nxc6 26.
Nf3 h5 27. Qc1 Kg7 28. Re1 Qd3 29. Qf4 Qxa3 30. Qf6+ Kg8 31. Qf4 Kg7 32.
Re3 Qxb4 33. Qf6+ Kg8 34. Qf4 Qe7 35. Qh6 Rc8 36. Ng5 Qxg5 37. Qxg5 Nxd4
38. Re1 b5 39. Qe7 a5 40. Qa7 Nb3 41. Qb7 Rc5 42. Re3 a4 1-0

[Event "5th Open"]
[Site "Sort ESP"]
[Date "2009.07.01"]
[Round "8"]
[White "Burmakin,V"]
[Black "Teske,H"]
[Result "1-0"]
[WhiteElo "2605"]
[BlackElo "2523"]
[EventDate "2009.06.24"]

1. Nf3 c5 2. g3 g6 3. Bg2 Bg7 4. d4 cxd4 5. Nxd4 Nc6 6. Nb3 d6 7. O-O h5 8.
h4 Nh6 9. Nc3 Nf5 10. e4 Nfd4 11. Nxd4 Bxd4 12. Nd5 Bg4 13. Qd3 Qd7 14. c3
Bg7 15. f4 f5 16. Ne3 O-O-O 17. Nxg4 hxg4 18. Be3 Kb8 19. Rad1 e6 20. c4 e5
21. b3 Nd4 22. Bxd4 exd4 23. Rde1 Rhe8 24. Re2 Re7 25. Rfe1 Rde8 26. exf5
Rxe2 27. Rxe2 Rxe2 28. Qxe2 gxf5 29. Bd5 Kc7 30. Kf2 Bf6 31. Qe6 Qd8 32.
Qxf5 Bxh4 33. gxh4 Qxh4+ 34. Kf1 Kb6 35. Bg2 1-0

[Event "5th Open"]
[Site "Sort ESP"]
[Date "2009.07.01"]
[Round "8"]
[White "Pogorelov,R"]
[Black "Barsov,A"]
[Result "1/2-1/2"]
[WhiteElo "2420"]
[BlackElo "2505"]
[EventDate "2009.06.24"]

1. Nf3 Nf6 2. c4 e6 3. Nc3 d5 4. d4 Be7 5. Bg5 h6 6. Bh4 O-O 7. e3 b6 8.
Be2 dxc4 9. Bxc4 Bb7 10. O-O Ne4 11. Bxe7 Qxe7 12. Nxe4 Bxe4 13. Bd3 Bxd3
14. Qxd3 1/2-1/2

[Event "5th Open"]
[Site "Sort ESP"]
[Date "2009.07.01"]
[Round "8"]
[White "Udeshi,A"]
[Black "Movsziszian,K"]
[Result "0-1"]
[WhiteElo "2281"]
[BlackElo "2556"]
[EventDate "2009.06.24"]

1. e4 g6 2. d4 Bg7 3. Nc3 c6 4. Nf3 d6 5. a4 Nf6 6. Be2 O-O 7. O-O Nbd7 8.
h3 e5 9. dxe5 dxe5 10. Be3 Qe7 11. Bc4 Nc5 12. Nd2 a5 13. Qb1 Ne6 14. Nb3
Nh5 15. Bxe6 Bxe6 16. Nc5 Bc8 17. Nd3 Re8 18. Qd1 h6 19. Qe2 Qf6 20. Rfd1
Bf8 21. Rd2 Bb4 22. Rad1 Kh7 23. Nxb4 axb4 24. Nb1 Rxa4 25. b3 Ra5 26. Rd6
Be6 27. Qd2 Nf4 28. Qxb4 Nxh3+ 29. gxh3 Qf3 30. Kh2 Bxh3 31. Rg1 Qh5 32.
Rg3 Be6+ 33. Kg2 Ra1 34. Qe1 f5 35. exf5 gxf5 36. Rh3 Qg4+ 37. Rg3 Qe4+ 38.
Kh2 f4 39. Qd1 fxg3+ 40. fxg3 Rxb1 41. Rd7+ Kg8 0-1

[Event "5th Open"]
[Site "Sort ESP"]
[Date "2009.07.01"]
[Round "8"]
[White "Kulkarni,C"]
[Black "Priyadharshan,K"]
[Result "1-0"]
[WhiteElo "2257"]
[BlackElo "2411"]
[EventDate "2009.06.24"]

1. e4 c5 2. Nf3 Nc6 3. d4 cxd4 4. Nxd4 Qb6 5. Nb3 Nf6 6. Nc3 e6 7. Bd3 d6
8. O-O Be7 9. Kh1 O-O 10. Qe2 Qc7 11. f4 a6 12. a4 b6 13. Be3 Bb7 14. Rae1
Rfe8 15. Bf2 Nd7 16. Bg3 Nb4 17. Nd4 Nxd3 18. cxd3 Qc5 19. Bf2 Qc7 20. Bg3
Rac8 21. Rc1 Qb8 22. Qg4 Nf6 23. Qe2 Nd7 24. Qg4 Nf6 25. Qe2 Qa8 26. Nc2
Nd7 27. Ne3 d5 28. exd5 exd5 29. Nf5 Bf8 30. Qg4 Kh8 31. Nh6 gxh6 32. Qxd7
Bg7 33. Rce1 d4 34. Ne4 Rcd8 35. Qf5 Bxe4 36. dxe4 d3 37. e5 Qd5 38. Rd1
Rd7 39. Rd2 Rc8 40. h3 Rc4 41. Rfd1 Rd4 42. Bf2 Qe4 43. Qxe4 Rxe4 44. Rxd3
Rxd3 45. Rxd3 Bf8 46. Bh4 f5 47. exf6 Rxf4 48. Bg3 Rf1+ 49. Kh2 Kg8 50. Be5
b5 51. axb5 axb5 52. Rd7 Rf5 53. Bd4 b4 54. g4 Rf4 55. Be5 Rf2+ 56. Kg3 Bc5
57. Rg7+ Kf8 58. Bd6+ Bxd6+ 59. Kxf2 Be5 60. Rxh7 Bxb2 61. Rxh6 b3 62. Rh8+
Kf7 63. Rb8 Bd4+ 64. Kf3 1-0

[Event "5th Open"]
[Site "Sort ESP"]
[Date "2009.07.01"]
[Round "8"]
[White "Deshpande,Ani"]
[Black "Colovic,A"]
[Result "0-1"]
[WhiteElo "2211"]
[BlackElo "2443"]
[EventDate "2009.06.24"]

1. e4 c5 2. Nf3 e6 3. d4 cxd4 4. Nxd4 Nf6 5. Bd3 Nc6 6. Nxc6 bxc6 7. O-O d5
8. e5 Nd7 9. f4 Be7 10. c3 Qb6+ 11. Kh1 Ba6 12. Bxa6 Qxa6 13. Be3 Rb8 14.
b4 c5 15. bxc5 Nxc5 16. Nd2 O-O 17. Bd4 Rfc8 18. Rb1 Qd3 19. Rxb8 Rxb8 20.
Nb3 Qc4 21. Qf3 g6 22. h3 Nxb3 23. axb3 Rxb3 24. Ra1 Bc5 25. Qf2 Qxc3 26.
Rd1 Bxd4 27. Qxd4 Qxd4 28. Rxd4 a5 29. Ra4 Rb4 30. Rxa5 Rxf4 0-1

[Event "5th Open"]
[Site "Sort ESP"]
[Date "2009.07.01"]
[Round "8"]
[White "Kulkarni,R"]
[Black "Debashis,D"]
[Result "1-0"]
[WhiteElo "2166"]
[BlackElo "2352"]
[EventDate "2009.06.24"]

1. d4 d5 2. c4 e6 3. Nc3 Be7 4. Nf3 Nf6 5. Bg5 O-O 6. e3 h6 7. Bh4 b6 8.
Rc1 Bb7 9. cxd5 exd5 10. Bd3 Nbd7 11. O-O c5 12. Qe2 Ne4 13. Bg3 Qc8 14.
Rfd1 Ndf6 15. Ne5 Nxg3 16. hxg3 Qe6 17. g4 Bd6 18. f4 Rfe8 19. Rf1 Rad8 20.
Bf5 Qe7 21. g5 hxg5 22. fxg5 Bxe5 23. dxe5 Nd7 24. e6 fxe6 25. Bg6 Ne5 26.
Bxe8 Qxe8 27. Qf2 Nd3 28. Qh4 Qg6 29. Rc2 e5 30. g3 Qh7 31. Qg4 Bc8 32. Qf3
Be6 33. Rh2 Qg6 34. Qh1 1-0

[Event "5th Open"]
[Site "Sort ESP"]
[Date "2009.07.01"]
[Round "8"]
[White "Girish,A"]
[Black "Deepthamsh,R"]
[Result "1/2-1/2"]
[WhiteElo "2270"]
[BlackElo "2110"]
[EventDate "2009.06.24"]

1. d4 Nf6 2. Nf3 e6 3. c4 Bb4+ 4. Bd2 c5 5. Bxb4 cxb4 6. g3 d6 7. Bg2 O-O
8. O-O Nc6 9. Nbd2 e5 10. d5 Nb8 11. Ne1 Bg4 12. Nd3 Na6 13. h3 Bh5 14. g4
Bg6 15. e4 Nd7 16. a3 Qb6 17. a4 Ndc5 18. Ne1 b3 19. a5 Qb4 20. Ra3 b5 21.
axb6 Qxb6 22. Qe2 Rfc8 23. g5 Rf8 24. h4 f6 25. h5 Be8 26. gxf6 Rxf6 27.
Bh3 Rb8 28. Ng2 Qd8 29. f4 exf4 30. Nxf4 Bd7 31. Bxd7 Qxd7 32. Ne6 Qf7 33.
Rfa1 Rb6 34. Nxc5 dxc5 35. e5 Rg6+ 36. hxg6 Rxg6+ 37. Qg2 Rxg2+ 38. Kxg2
Qg6+ 39. Kf2 Qf5+ 40. Nf3 Nb4 41. Rxa7 Nd3+ 42. Ke3 Nxe5 43. Ra8+ Kf7 44.
R8a7+ Ke8 45. Ra8+ Ke7 46. R1a7+ Nd7 47. Ra6 g5 48. Re6+ Kf7 49. Ra7 Qf4+
50. Kf2 g4 51. Rxd7+ Kf8 52. Rd8+ Kf7 53. Rd7+ Kf8 54. Rd8+ Kf7 55. Rd7+
Kf8 56. Re3 g3+ 57. Ke2 Qxc4+ 1/2-1/2

[Event "5th Open"]
[Site "Sort ESP"]
[Date "2009.07.01"]
[Round "8"]
[White "Meera,S"]
[Black "Pham Guerrero,S"]
[Result "0-1"]
[WhiteElo "2155"]
[BlackElo "2212"]
[EventDate "2009.06.24"]

1. e4 c5 2. Nc3 Nc6 3. Nf3 g6 4. Bb5 Bg7 5. O-O Nd4 6. Bc4 d6 7. d3 Bg4 8.
Bxf7+ Kxf7 9. Ng5+ Ke8 10. Qxg4 Nf6 11. Qd1 h6 12. Nf3 Rf8 13. e5 Nd7 14.
Nh4 Nxe5 15. f4 e6 16. g3 g5 17. Ng2 Nf7 18. Ne4 d5 19. Nxc5 Qc7 20. Nxe6
Nxe6 21. Re1 Qb6+ 22. Kh1 Kd8 23. fxg5 hxg5 24. Qg4 Kd7 25. d4 Rae8 26.
Bxg5 Qxd4 27. Nf4 Nfxg5 28. Rad1 Rxf4 29. gxf4 Ne4 30. Rxd4 Nf2+ 31. Kg1
Nxg4 32. Rxd5+ Kc6 33. Rd3 Nf6 34. f5 Nc5 35. Rxe8 Nxe8 36. Rg3 Bxb2 37. h4
Ne4 38. Rg6+ Kd5 39. h5 N8f6 40. h6 Bc1 41. Rg7 Bxh6 42. Rxb7 Be3+ 43. Kf1
Ke5 44. Ke2 Bb6 45. Ke1 Kxf5 46. a4 Ke6 47. a5 Bxa5+ 48. Kd1 Bb6 49. Kc1
Nc5 50. Rb8 Kd5 51. Kb2 Kc4 52. Rf8 Nd5 53. Rg8 Nc3 54. Rg4+ N5e4 55. Rh4
a5 56. Rh6 Bc5 57. Ra6 a4 58. Ra8 Nd6 59. Ra6 Ndb5 60. Ra8 a3+ 61. Kc1 Be3+
0-1

[Event "5th Open"]
[Site "Sort ESP"]
[Date "2009.07.01"]
[Round "8"]
[White "Fenil,S"]
[Black "Abhishek,K"]
[Result "1-0"]
[WhiteElo "2247"]
[BlackElo "2178"]
[EventDate "2009.06.24"]

1. e4 c5 2. Nf3 d6 3. d4 cxd4 4. Nxd4 Nf6 5. Nc3 e6 6. Be3 Be7 7. f3 a6 8.
Qd2 Nc6 9. O-O-O O-O 10. g4 Nxd4 11. Bxd4 Nd7 12. Qg2 b5 13. h4 Bb7 14. g5
b4 15. Ne2 Rc8 16. Kb1 e5 17. Be3 Nb6 18. Ng3 Na4 19. h5 d5 20. Nf5 d4 21.
g6 Bf6 22. h6 fxg6 23. hxg7 Bxg7 24. Nxg7 Qb6 25. Qh2 h5 26. Nxh5 Nc3+ 27.
Ka1 Nxd1 28. Nf6+ Kf7 29. Qh7+ Ke6 30. Bh3+ Kd6 31. Rxd1 Rxf6 32. Qd7+ Kc5
33. Rxd4 1-0

[Event "5th Open"]
[Site "Sort ESP"]
[Date "2009.07.01"]
[Round "8"]
[White "Fandino Reyes,R"]
[Black "Devangi,P"]
[Result "0-1"]
[WhiteElo "2185"]
[BlackElo "2078"]
[EventDate "2009.06.24"]

1. e4 e6 2. d4 d5 3. e5 c5 4. c3 Nc6 5. Nf3 Qb6 6. a3 Nh6 7. b4 cxd4 8.
cxd4 Nf5 9. Bb2 Bd7 10. Be2 Be7 11. O-O h5 12. b5 Na5 13. a4 g5 14. Bc3 g4
15. Ne1 Rc8 16. Ra2 Nc4 17. Nc2 Rg8 18. Qe1 Qd8 19. Bxc4 Rxc4 20. Ne3 Rc8
21. Rb2 Nh4 22. Kh1 Kf8 23. Nc2 Kg7 24. Nb4 Nf5 25. Nd3 Qc7 26. Nf4 h4 27.
Qd1 Kf8 28. Nh5 Rg5 29. Nf6 Bxf6 30. exf6 Qd8 31. Bd2 Rg6 32. Bf4 Qxf6 33.
Be5 Qg5 34. Rc2 Qd8 35. Rxc8 Qxc8 36. Qd2 Qc4 37. Rc1 Qxa4 38. Qc3 f6 39.
Qc7 Qxb5 40. Bf4 Kg8 41. Qb8+ Kh7 42. Qxa7 Rg7 43. Qa1 Qd3 44. Bd2 h3 45.
Qc3 Qe4 46. Rg1 hxg2+ 47. Rxg2 Nh4 0-1

[Event "5th Open"]
[Site "Sort ESP"]
[Date "2009.07.01"]
[Round "8"]
[White "Gagare,Shal"]
[Black "Saranya,J"]
[Result "0-1"]
[WhiteElo "2117"]
[BlackElo "1981"]
[EventDate "2009.06.24"]

1. c4 d6 2. Nc3 g6 3. g3 Bg7 4. Bg2 Nd7 5. Nf3 e5 6. O-O f5 7. d3 Ngf6 8.
Rb1 O-O 9. b4 h6 10. a4 Rb8 11. Ba3 b6 12. Qc2 Bb7 13. c5 d5 14. c6 Bxc6
15. b5 Bb7 16. Bxf8 Qxf8 17. d4 e4 18. Ne5 Nxe5 19. dxe5 Ng4 20. Rbd1 Qf7
21. Qa2 Rd8 22. f3 Ne3 23. fxe4 Nxd1 24. Rxd1 d4 25. e6 Qe7 26. exf5 Bxg2
27. f6 Bxf6 28. Kxg2 Kg7 29. Ne4 Re8 30. Nxf6 Qxf6 31. Qc4 Qxe6 32. Qxd4+
Kg8 33. Rd2 Qe4+ 34. Qxe4 Rxe4 35. Ra2 Rc4 36. Kf3 Kf7 37. Ke3 Ke6 38. Kd3
Kd5 39. e3 Rg4 40. Ra1 Rb4 41. Ra2 Rb3+ 42. Kd2 Ke4 43. Rc2 Rb4 44. Ra2 Kf3
45. Rc2 Rxa4 46. Rxc7 Ra5 47. Rg7 g5 48. Rf7+ Kg2 49. Rh7 Kxh2 50. Rxh6+
Kxg3 51. Rh7 g4 52. e4 Kf3 53. Rg7 Rxb5 54. Rxa7 g3 55. Rg7 g2 56. Kc2 Rh5
57. Kd3 Ra5 58. Rg6 Ra3+ 59. Kd4 Ra1 60. Rf6+ Ke2 61. Rg6 g1=Q+ 62. Rxg1
Rxg1 0-1